| 000 | 01157cam a22003375a 4500 | ||
|---|---|---|---|
| 001 | 13463288 | ||
| 003 | OSt | ||
| 005 | 20140310181946.0 | ||
| 008 | 040120s2004 nyu 000 0 eng | ||
| 010 | _a 2004100759 | ||
| 020 | _a0817216731 | ||
| 035 | _a(DLC) 2004100759 | ||
| 040 |
_aDLC _cDLC _dDLC |
||
| 042 | _apcc | ||
| 050 |
_aPZ 7 _b.St848 1991 |
||
| 082 |
_aKF Au7p _b1991 |
||
| 100 | 1 |
_aHusten, Jane _93978 |
|
| 245 | 1 | 0 |
_aPride and prejudice / _cJane Austen, Carol Howard. |
| 260 |
_aNew York, NY : _bFine Creative Media, _c2004. |
||
| 263 | _a0405 | ||
| 300 |
_ap. _ccm. |
||
| 440 |
_aBarnes & noble classics _92903 |
||
| 541 | _j1 | ||
| 562 | _eFor circulation. 1 copy available in the collection | ||
| 856 | 4 | 2 |
_3Contributor biographical information _uhttp://www.loc.gov/catdir/enhancements/fy0709/2004100759-b.html |
| 856 | 4 | 2 |
_3Publisher description _uhttp://www.loc.gov/catdir/enhancements/fy0709/2004100759-d.html |
| 856 | 4 | 1 |
_3Sample text _uhttp://www.loc.gov/catdir/enhancements/fy0709/2004100759-s.html |
| 906 |
_a0 _bibc _corignew _d2 _eepcn _f20 _gy-gencatlg |
||
| 942 |
_2lcc _cBK-KF _kKF |
||
| 999 |
_c7786 _d7786 |
||